| 000 | 00630nam a2200229Ia 4500 | ||
|---|---|---|---|
| 003 | OSt | ||
| 005 | 20220925212505.0 | ||
| 006 | a|||||r|||| 00| 0 | ||
| 007 | ta | ||
| 008 | 220923b |||||||| |||| 00| 0 eng d | ||
| 037 | _cGeneral Book | ||
| 040 |
_aRTL _cRTL _beng |
||
| 041 |
_2eng _aeng |
||
| 082 | _aX6291.1:N2, H2 | ||
| 100 |
_aHeymann Hans _9123769 |
||
| 245 | 0 | _aPlan for permanent peace | |
| 260 |
_aLondon _bAllen & Unwin USA _c1942 |
||
| 300 |
_axx,321p Appenix p 269-321 _ccm. |
||
| 650 | _aSavings Bank | ||
| 942 |
_hX6291.1:N2, H2 _cGB _2CC |
||
| 999 |
_c560502 _d560502 |
||